000 00736nam a2200241 i 4500
001 8269
003 ES-MaACL
005 20250821063012.0
007 t|
008 920428s1986 sp ||||1| spa d
020 _a84-204-2226-6
080 _a84-311.1"19"
080 _a84(Tournier,M.7 M.03=6)
100 1 _aTournier, Michel,
_d1924-2016
_9111147
245 1 4 _aLos Meteoros /
_cMichel Tournier ; traducción de Clemente Lapuerta.
260 _aMadrid :
_bAlfaguara,
_cD.L. 1986.
300 _a470 p. ;
_c21 cm.
490 1 _aLiteratura Alfaguara ;
_v198
700 1 _aLapuerta, Clemente.
_970185
830 0 _aLiteratura Alfaguara ;
_v198
_9178100
852 _aES-MaACL
_jL-15715
_bR.120321
999 _c8269
_d8269